[Event "Oberliga NRW 1718"]
[Site "Germany"]
[Date "2017.12.17"]
[Round "4.4"]
[White "Bashilin, Roman"]
[Black "Real, Thibault"]
[Result "1-0"]
[WhiteElo "2221"]
[BlackElo "2219"]
[PlyCount "75"]
[EventDate "2017.09.17"]
[EventType "team-tourn"]
[EventRounds "9"]
[EventCountry "GER"]
[SourceTitle "EXT 2019"]
[Source "ChessBase"]
[SourceDate "2018.10.10"]
[SourceVersion "1"]
[SourceVersionDate "2018.10.10"]
[SourceQuality "1"]
[WhiteTeam "Wuppertal Bahn"]
[BlackTeam "Dinslaken"]
[WhiteTeamCountry "GER"]
[BlackTeamCountry "GER"]

1. d4 Nf6 2. Nf3 e6 3. Bg5 d5 4. e3 Be7 5. Bd3 0-0 6. Nbd2 b6 7. Ne5 Bb7 8. Qf3 Nbd7 9. Qh3 Nxe5 10. dxe5 Ne4 11. Bf4 g6 12. Nf3 Nc5 13. Qh6 Nxd3+ 14. cxd3 f6 15. 0-0 d4 16. e4 c5 17. b3 f5 18. Ng5 Bxg5 19. Bxg5 Qc7 20. exf5 Rxf5 21. Bf6 Rxe5 22. Bxe5 Qxe5 23. Qh3 Qd5 24. Rae1 Re8 25. f4 Qd7 26. Re5 Bd5 27. Qg3 Rf8 28. h4 Kf7 29. h5 Rg8 30. Qh3 Rg7 31. Rfe1 Kg8 32. hxg6 hxg6 33. Qh4 a5 34. Kf2 Rh7 35. Qg5 Qf7 36. f5 Qf8 37. Kg1 Rf7 38. fxe6 1-0

[Event "NRW Class1 1516"]
[Site "Germany"]
[Date "2016.02.14"]
[Round "6.4"]
[White "Bashilin, Roman"]
[Black "Nagel, Bernhard"]
[Result "1/2-1/2"]
[WhiteElo "2216"]
[BlackElo "2224"]
[PlyCount "97"]
[EventDate "2015.09.27"]
[EventType "team-tourn"]
[EventRounds "9"]
[EventCountry "GER"]
[SourceTitle "EXT 2017"]
[Source "ChessBase"]
[SourceDate "2016.10.25"]
[SourceVersion "1"]
[SourceVersionDate "2016.10.25"]
[SourceQuality "1"]
[WhiteTeam "Wuppertal Bahn"]
[BlackTeam "Koeln Lasker"]
[WhiteTeamCountry "GER"]
[BlackTeamCountry "GER"]

1. d4 Nf6 2. Nf3 e6 3. e3 b6 4. Bd3 Bb7 5. Nbd2 d5 6. Ne5 Bd6 7. 0-0 Nbd7 8. f4 a6 9. Qf3 c5 10. g4 g6 11. c3 Qc7 12. g5 Ng8 13. e4 f5 14. exf5 exf5 15. Bxf5 Bxe5 16. Bxd7+ Kxd7 17. fxe5 Ne7 18. Qg4+ Nf5 19. Rxf5 gxf5 20. Qxf5+ Ke8 21. Qe6+ Qe7 22. Qxe7+ Kxe7 23. Nf3 Raf8 24. Kg2 Rf7 25. Be3 c4 26. g6 hxg6 27. Bg5+ Ke8 28. Bf6 Rh5 29. h4 Rf5 30. Ng5 R7xf6 31. exf6 Rxf6 32. Rf1 Rxf1 33. Kxf1 Bc8 34. Kf2 Ke7 35. Ke3 Kf6 36. Kf4 a5 37. Nf3 Be6 38. Ne5 Bf5 39. a3 Be6 40. Nf3 Bd7 41. Nd2 Bh3 42. Nf3 Bd7 43. Ne1 b5 44. Nc2 Bf5 45. Ne3 Be6 46. Ng4+ Bxg4 47. Kxg4 Kf7 48. Kg5 Kg7 49. Kf4 1/2-1/2